| 000 | 00591nam a2200217Ia 4500 | ||
|---|---|---|---|
| 003 | OSt | ||
| 005 | 20220924142932.0 | ||
| 006 | a|||||r|||| 00| 0 | ||
| 007 | ta | ||
| 008 | 220923b |||||||| |||| 00| 0 ori d | ||
| 024 | _a304033 | ||
| 037 | _cTextual | ||
| 040 |
_aARTS _cARTS _bORI |
||
| 041 |
_2ORI _aORI |
||
| 082 | _aO1591,3NMI,22, K2 | ||
| 100 |
_aMishra Hemakanta _9214394 |
||
| 245 | 0 | _aBhallukar purapyant o anyanya majagalpa | |
| 650 |
_aORIYA LITERATURE _927692 |
||
| 942 |
_hO1591,3NMI,22, K2 _cTEXL _2CC |
||
| 999 |
_c452588 _d452588 |
||